Your trip to Europe /

Bibliographic Details
Main Author: Adams, Eleanor
Format: Book
Language:English
Published: Garden City, N.Y. : Doubleday, [1971, 1966]
Series:Amy Vanderbilt success program for women.
Subjects:

MARC

Tag First Indicator Second Indicator Subfields
LEADER 00000cam a2200000I 4500
001 in00003997607
005 20190122151249.0
008 720830s1971 nyua 000 0 eng d
035 |a (OCoLC)ocm00395764 
035 |a (OCoLC)395764 
040 |a RGC  |b eng  |c RGC  |d OCL  |d OCLCQ  |d OCLCF  |d OCLCQ  |d OCLCO  |d TXA  |d UtOrBLW 
043 |a e------ 
049 |a TXAM 
050 4 |a D909  |b .A315 1971 
082 0 4 |a 914  |b A211 
100 1 |a Adams, Eleanor. 
245 1 0 |a Your trip to Europe /  |c by Eleanor Adams. 
264 1 |a Garden City, N.Y. :  |b Doubleday,  |c [1971, 1966] 
300 |a 71 pages  |b illustrations (some color)  |c 23 cm. 
336 |a text  |b txt  |2 rdacontent 
337 |a unmediated  |b n  |2 rdamedia 
338 |a volume  |b nc  |2 rdacarrier 
490 1 |a Amy Vanderbilt success program for women 
500 |a The Cushing Library/Ragan Military copy is a gift of Ann, Fred, and Tracie Burns for the Major Curtis Burns '52 Aviation Collection. 
651 0 |a Europe  |v Guidebooks.  |0 http://id.loc.gov/authorities/subjects/sh2008114993 
651 7 |a Europe.  |2 fast  |0 (OCoLC)fst01245064 
655 7 |a Guidebooks.  |2 fast  |0 (OCoLC)fst01423871 
830 0 |a Amy Vanderbilt success program for women.  |0 http://id.loc.gov/authorities/names/no00036790 
948 |a cataloged  |b h  |c 2018/11/28  |d c  |e ljohnson  |f 4:21:03 pm 
994 |a C0  |b TXA 
999 f f |s d71c3420-50db-381f-807d-59fcbfc32874  |i e8b4a07c-afac-33aa-bb1a-002f38cf9b16  |t 0 
952 f f |p noncirc  |a Texas A&M University  |b College Station  |c Cushing Memorial Library & Archives  |s cush mil  |d Cushing: Ragan Military (Does not check out)  |t 0  |e D909 .A315 1971  |h Library of Congress classification  |i unmediated -- volume  |m A14852670786 
998 f f |a D909 .A315 1971  |t 0  |l Cushing: Ragan Military (Does not check out)